000 00272pab a2200121 454500
008 180718b xxu||||| |||| 00| 0 eng d
100 _aRanade Sudhanshu
245 _aAre women better off?
362 _a8 Jul 1994, p.8
650 _aWomen
773 _aHindu
909 _a27680
999 _c27680
_d27680